Beyond the grave : Ripley’s believe it or not! (Record no. 115080)

MARC details
000 -LEADER
fixed length control field 00904nam a2200265Ia 4500
008 - FIXED-LENGTH DATA ELEMENTS--GENERAL INFORMATION
fixed length control field 191130s2005##################000#0#eng##
020 ## - INTERNATIONAL STANDARD BOOK NUMBER
ISBN 9781884270291
082 ## - DEWEY DECIMAL CLASSIFICATION NUMBER
Classification number 001 CAS
245 ## - TITLE STATEMENT
Title Beyond the grave : Ripley’s believe it or not!
Statement of responsibility, etc L.C. Casterline, Mary Packard, and the editors of Ripley Entertainment Inc
260 ## - PUBLICATION, DISTRIBUTION, ETC. (IMPRINT)
Place of publication New York
Name of publisher Ripley Entertainment Inc
Year of publication 2005
300 ## - PHYSICAL DESCRIPTION
Number of Pages 62 p. : col. ill. ; 19 cm
500 ## - GENERAL NOTE
General note Skull on cover glows in the dark
650 ## - SUBJECT ADDED ENTRY--TOPICAL TERM
Topical Term Burial - Juvenile literature
Topical Term Dead - Juvenile literature
Topical Term Death - Juvenile literature
Topical Term Funeral rites and ceremonies - Juvenile literature
700 ## - ADDED ENTRY--PERSONAL NAME
Personal name Casterline, L. C
Personal name Packard, Mary
710 ## - ADDED ENTRY--CORPORATE NAME
Corporate name or jurisdiction name as entry element Ripley Entertainment, Inc
991 ## -
-- 136012
Holdings
Withdrawn status Lost status Damaged status Not for loan Home library Current library Date acquired Full call number Accession Number Price effective from Koha item type
        Anna Centenary Library Anna Centenary Library 12.10.2020 001 CAS 429385 12.10.2020 English Books

Find us on the map